| 000 | 00994nam a22002897a 4500 | ||
|---|---|---|---|
| 001 | 4888 | ||
| 003 | FISKH | ||
| 005 | 20241023085417.0 | ||
| 008 | 241023b cb ||||| |||| 00| 0 eng d | ||
| 020 | _a9780531175330 | ||
| 040 |
_aFISKH _beng _cFISKH _dFISKH |
||
| 050 | _aGN293.G73 | ||
| 082 | _a393.3 | ||
| 100 | _aGrace , N. B. | ||
| 245 |
_aMummies Unwrapped! : _bThe Science of Mummy-Making / _cby N. B. Grace |
||
| 260 |
_aNew York : _bScholastic ; _c2008 . |
||
| 300 |
_a64 pages : _bcolor illustrations : map ; _c24 cm . |
||
| 490 | _a 24/7 Mystery Files, 24/7: Science Behind the Scenes (Mystery Files) | ||
| 505 | _aR | ||
| 520 | _aDescribes the wide variety of ancient human corpses that are found, how they were preserved, and what archeologists can learn from them. | ||
| 521 | 8 |
_a820
_bLexile |
|
| 521 | 8 |
_aR
_bRaz-Plus |
|
| 650 |
_amummies _vJuvenile Literature |
||
| 650 |
_aEmbalming _vJuvenile Literature |
||
| 942 |
_2ddc _cBK _n0 |
||
| 999 |
_c4888 _d4888 |
||